Estremoz nos alvores do liberalismo 1820-1834 (Registo nº 200454)

Detalhes MARC
000 -Etiqueta do registo
Valores 00566nam 22001933 4500
010 ## - Número ISBN
ISBN 978-989-9275-53-9
021 ## - Número do Depósito Legal
Número 555194/25
100 ## - Dados gerais de processamento
Dados gerais 20260206d u||y0pory50 ba
200 ## - Titulo e menção de responsabilidade
Título próprio Estremoz nos alvores do liberalismo 1820-1834
Primeira menção de responsabilidade Teresa Fonseca
205 ## - Menção da edição
Edição
210 ## - Publicação
Local de publicação V.N. Famalicão
Nome do editor Edições Húmus
Data de publicação 2025
215 ## - Descrição física 
Paginação / Volumes 255 p.
Outras indicações físicas brochado
Dimensões 23 cm
606 ## - Nome comum usado como assunto
ID Autoridade 4577
Palavra de ordem Monografias Regionais
Subdivisão geográfica Estremoz
Subdivisão cronológica 1820-1834
700 ## - Autor principal (pessoa individual)
ID Autoridade 2142
Apelido Fonseca
Nome Teresa
801 ## - Fonte de origem
País PT
Agência BMMN
Regras de catalogação RPC
830 ## - Notas gerais do catalogador
Criado por Fernando
Indexado por Fernando
990 ## - Elementos KOHA
Tipo de documento Livro
Exemplares
Situação do levantamento Biblioteca de origem Código de barras Cota Permissão de empréstimo Tipo de documento Forma de aquisição
  Biblioteca Municipal de Montemor-o-Novo 29626 908 FON|FLR   Livro Oferta

Powered by Koha